000 01944nam a2200265Ia 4500
008 260220t1996||||xx |||||||||||||| ||spa||
040 _aPY-SlUNAC
_bspa
_erda
041 _aspa
082 _a658.403 5
_bT37s
100 _aThompson, Arthur
_eAutor
245 0 _aSimulación de empresa en dirección estratégica :
_bversión 2.0 /
_cpor Arthur Thompson [Autor] y Gregory Stoppenbeck [Autor]
250 _aSegunda edición
264 _aMadrid :
_bIrwin,
_c℗1996.
300 _a1 volumen
520 _aEl libro "Simulación de empresa en dirección estratégica" de Arthur Thompson presenta un enfoque innovador para la enseñanza y práctica de la dirección estratégica a través de simulaciones empresariales. A lo largo de su contenido, se exploran diversas técnicas y herramientas que permiten a los estudiantes y profesionales experimentar la toma de decisiones en un entorno empresarial simulado, facilitando así la comprensión de conceptos complejos. La obra enfatiza la importancia de la estrategia en el éxito organizacional y proporciona un marco para analizar la competencia, el mercado y la gestión de recursos. Además, incluye estudios de caso y ejemplos prácticos que ilustran cómo aplicar la teoría en situaciones reales. Thompson destaca la necesidad de adaptabilidad y pensamiento crítico en la formulación de estrategias efectivas, promoviendo un aprendizaje activo que prepara a los participantes para enfrentar desafíos en el mundo empresarial actual. En suma, el libro es un recurso valioso para quienes buscan profundizar en la dirección estratégica mediante un enfoque práctico y dinámico.
653 _aDirección estratégica
653 _aEmpresas
653 _aSimulación
700 _aStoppenbeck, Gregory
_eAutor
942 _b2026/02/17
_cBK
999 _c8786
_d8786